Vyhľadávanie v textoch s podporou jazykovednej analýzy

Gespeichert in:
Bibliographische Detailangaben
1. Verfasser: Franz, Peter (Verfasst von)
Weitere Verfasser: Trabalka, Marek (Betreuung Doktorarbeit), Hanulová, Ľubica, 1941- (Betreuung Doktorarbeit)
Format: Manuskript Buch
Sprache:Slowakisch
Veröffentlicht: Bratislava : STU v Bratislave FEI, 2001
Schlagworte:
Tags: Tag hinzufügen
Keine Tags, Fügen Sie das erste Tag hinzu!

MARC

LEADER 00000ntm a22000003a 4500
001 stu73535
005 20160719164803.4
008 020201s2001------------------------slo-d
040 |a STU  |b slo 
041 0 |a slo 
100 1 |a Franz, Peter  |4 aut 
245 1 |a Vyhľadávanie v textoch s podporou jazykovednej analýzy 
260 |a Bratislava :  |b STU v Bratislave FEI,  |c 2001 
300 |a 112 s 
650 7 |a informatika  |2 stusub 
700 1 |a Trabalka, Marek  |4 ths 
700 1 |a Hanulová, Ľubica,  |d 1941-  |4 ths  |u E220  |U FEI Fakulta elektrotechniky a informatiky  |T FEI Katedra informatiky a výpočtovej techniky  |X 1823  |U E220  |Y 69  |7 1823 
996 |b EDIPL-6821  |c I*DIPL-6821  |l II680  |s A  |a 24  |w stu73535_0001